000 00382nam a2200145Ia 4500
008 230917s9999||||xx |||||||||||||| ||und||
040 _e160741
_aMAIN
041 _aEnglish
082 _a658.8 D262M
100 _aDatta, Saroj
245 0 _aMarketing sense: A practioner's approach to marketing
260 _aNew Delhi
_bExcel Books
_c2006
300 _axix, 261 p.
942 _cBK
999 _c153239
_d153239